|
|
|
|
| LEADER |
01638cas a2200241 a 4500 |
| 001 |
AALejournalIMF007521 |
| 008 |
230101c9999 xx r poo 0 0eng d |
| 020 |
|
|
|c 5.00 USD
|
| 020 |
|
|
|z 9781451837230
|
| 022 |
|
|
|a 1934-7685
|
| 040 |
|
|
|a BD-DhAAL
|c BD-DhAAL
|
| 110 |
2 |
|
|a International Monetary Fund.
|
| 245 |
1 |
0 |
|a Turkmenistan :
|b Recent Economic Developments.
|
| 264 |
|
1 |
|a Washington, D.C. :
|b International Monetary Fund,
|c 1998.
|
| 300 |
|
|
|a 1 online resource (122 pages)
|
| 490 |
1 |
|
|a IMF Staff Country Reports
|
| 500 |
|
|
|a <strong>Off-Campus Access:</strong> No User ID or Password Required
|
| 500 |
|
|
|a <strong>On-Campus Access:</strong> No User ID or Password Required
|
| 506 |
|
|
|a Electronic access restricted to authorized BRAC University faculty, staff and students
|
| 520 |
3 |
|
|a This paper reviews economic developments in Turkmenistan during 1994-98. Turkmenistan reduced gas exports and suffered a decline in real GDP of close to 40 percent during 1993-95. At the same time, it stepped up foreign borrowing and constrained imports by limiting access to foreign exchange to sustain gross international reserves at the equivalent of 6-9 months of imports. The distortions associated with the perpetuation of central controls, coupled with an accommodating monetary policy, led to financial instability, raising annual average inflation rates to close to 1,500 percent during 1993-95.
|
| 538 |
|
|
|a Mode of access: Internet
|
| 830 |
|
0 |
|a IMF Staff Country Reports; Country Report ;
|v No. 1998/081
|
| 856 |
4 |
0 |
|z Full text available on IMF
|u http://elibrary.imf.org/view/journals/002/1998/081/002.1998.issue-081-en.xml
|z IMF e-Library
|